000 00835cab a2200253 4500
001 ABS59832
008 090401t1998 xxu||||| |||| 00| 0 eng d
035 _a(Sirsi) u90150
041 _aeng
100 _aSpeaight, A.
245 _aCourt experts
260 _c1998
350 _a0
490 _aNew Law Journal
_v148(6866) 27 November 1998, 1770-1772(2)
520 _aDiscussion of the little used Rules of the Supreme Court Order 40, for the use of neutral experts, which could beneficially be employed by parties today. Includes case study of "Abbey National v Key Surveyors".
650 _aABBEY NATIONAL V KEY SURVEYORS
650 _aEXPERT WITNESSES
650 _aNEUTRAL EXPERTS
650 _aPROPERTY VALUATIONS
650 _aRULES OF THE SUPREME COURT
690 _aLAW
942 _n0
948 _c04/12/1998
999 _c57111
_d57111